| 000 | 00408nam a2200157Ia 4500 | ||
|---|---|---|---|
| 008 | 210210b1977 xxu||||| |||| 00| 0 eng d | ||
| 082 | _a537 ACHT | ||
| 100 | _aACHARYA (D P). | ||
| 245 | _aText book of electricity and magnetism.Ed 12. | ||
| 250 | _a | ||
| 260 |
_aN D _bOxford & IBH Publishing Co _c1977 |
||
| 300 | _avi,507 | ||
| 650 | _aElectricity Magnetism | ||
| 690 | _aElectricity | ||
| 906 | _a039465 | ||
| 999 |
_c89445 _d89445 |
||